Spoločenská pomoc rodinám s nezaopatrenými deťmi analýza vybraných foriem spoločenskej pomoci

Gespeichert in:
Bibliographische Detailangaben
1. Verfasser: Černý, Milan
Weitere Verfasser: Melotová, Anastázia
Format: Buch
Sprache:Slowakisch
Veröffentlicht: Bratislava Výskumný ústav životnej úrovne 1970
Schriftenreihe:Výskumné práce číslo 42
Schlagworte:
Tags: Tag hinzufügen
Keine Tags, Fügen Sie das erste Tag hinzu!

MARC

LEADER 00000nam a2200000 4500
001 c123498
005 20190423081121.4
041 0 |a slo 
044 |a SK 
245 1 0 |a Spoločenská pomoc rodinám s nezaopatrenými deťmi  |b analýza vybraných foriem spoločenskej pomoci  |c Milan Černý, Anastázia Melotová 
264 1 |a Bratislava  |b Výskumný ústav životnej úrovne  |c 1970 
300 |a 158 s. 
490 1 |a Výskumné práce číslo 42 
830 0 |a Výskumné práce číslo 42 
610 2 0 |a rodina 
610 2 0 |a deti 
610 2 0 |a pomoc sociálna 
100 1 |a Černý, Milan 
700 1 |a Melotová, Anastázia